[Event "FRA-ch op-C"]
[Site "Albi"]
[Date "2022.08.20"]
[Round "8"]
[White "Grulier, Ernest"]
[Black "Greuthier, Alois"]
[Result "1/2-1/2"]
[WhiteElo "1712"]
[BlackElo "1715"]
[PlyCount "118"]
[EventDate "2022.08.13"]
[EventType "swiss"]
[EventRounds "9"]
[EventCountry "FRA"]
[SourceTitle "CBM 210 Extra"]
[Source "ChessBase"]
[SourceDate "2022.11.30"]
[SourceVersion "1"]
[SourceVersionDate "2022.11.30"]
[SourceQuality "1"]

1. e4 c6 2. d4 d5 3. e5 Bf5 4. Nf3 e6 5. Be2 c5 6. Be3 Qb6 7. Nc3 Nc6 8. Na4 Qa5+ 9. c3 cxd4 10. Nxd4 Nge7 11. Nc5 Qc7 12. f4 Nxd4 13. cxd4 Nc6 14. Rc1 Qa5+ 15. Bd2 Qb6 16. Qa4 Bxc5 17. Rxc5 0-0 18. Bb5 Rfc8 19. 0-0 Nxd4 20. Rxc8+ Rxc8 21. Be3 Qxb5 22. Qxd4 Be4 23. Rc1 Rxc1+ 24. Bxc1 Qe2 25. Qd2 Qg4 26. b3 h5 27. Bb2 b5 28. Bd4 a6 29. a4 bxa4 30. bxa4 Qg6 31. a5 Bd3 32. h3 Qe4 33. Qe3 Kh7 34. Qxe4+ Bxe4 35. g3 Kg6 36. Kf2 Kf5 37. h4 Bc2 38. Ke3 Kg4 39. Kf2 Ba4 40. Bc3 Kf5 41. Ke3 Bb5 42. Bd4 Bf1 43. Bc3 f6 44. Bd4 Bc4 45. Bc3 Bb3 46. Bd4 Kg6 47. Kd2 Ba4 48. Ke3 Kf7 49. Kd2 Ke7 50. Kc3 Bb5 51. Kb4 Kf7 52. Kc3 Bf1 53. Kd2 Bc4 54. Kc3 fxe5 55. Bxe5 g6 56. Kd4 Ke7 57. Kc5 Kd7 58. Bf6 Be2 59. Be5 Bd3 1/2-1/2

[Event "FRA-ch U20"]
[Site "Europe Echecs INT"]
[Date "2020.07.12"]
[Round "3"]
[White "Greuthier, Alois"]
[Black "Tomasi, Elise"]
[Result "0-1"]
[WhiteElo "1601"]
[BlackElo "2030"]
[PlyCount "100"]
[EventDate "2020.07.12"]
[EventType "swiss (rapid)"]
[EventRounds "9"]
[EventCountry "FRA"]
[SourceTitle "EXT 2021"]
[Source "ChessBase"]
[SourceDate "2020.10.23"]
[SourceVersion "1"]
[SourceVersionDate "2020.10.23"]
[SourceQuality "1"]

1. e4 e5 2. Nf3 Nc6 3. Bb5 a6 4. Ba4 Nf6 5. 0-0 b5 6. Bb3 Bc5 7. a4 Rb8 8. c3 d6 9. d4 Bb6 10. axb5 axb5 11. Na3 b4 12. Nc4 bxc3 13. bxc3 0-0 14. Bg5 h6 15. Bxf6 Qxf6 16. Ba4 Bb7 17. Re1 exd4 18. cxd4 Nxd4 19. Nxb6 Nxf3+ 20. Qxf3 Qxf3 21. gxf3 cxb6 22. Red1 Rfd8 23. Rab1 Ba8 24. Bb3 Kf8 25. Bc4 Ke7 26. Rb3 Rdc8 27. Ba6 Rd8 28. Rdb1 d5 29. exd5 Bxd5 30. Re3+ Kf6 31. Kg2 Be6 32. Re4 Bf5 33. Rf4 g5 34. Rxf5+ Kxf5 35. Bc4 f6 36. Rb5+ Kg6 37. Bd5 Rdc8 38. Be4+ Kf7 39. Kg3 Rc5 40. Rb2 b5 41. h4 b4 42. hxg5 hxg5 43. f4 f5 44. Bb1 Rc3+ 45. f3 g4 46. Bxf5 gxf3 47. Bg4 b3 48. Bxf3 Rg8+ 49. Kf2 Rc2+ 50. Rxc2 bxc2 0-1